000 00973nac a22002777a 4500
001 BR7807508
003 BR-BrBNA
005 20240105114341.0
008 230509b bl.|||m| |||| 00| 0 por d
040 _aBR-BrBNA
_bpor
_cBiblioteca Nacional de Agricultura
072 _aE70; F00; L00
090 _aE70 BR7807508
110 1 _aSecretaria Nacional de Abastecimento, Brasilia, DF (Brasil). Centro de Informacao de Mercado Agricola
_99168
245 1 _aPrecos nos mercados atacadistas, 1978 [estatistica comercial, Brasil]
260 3 _aBrasilia, DF (Brasil):
_c1978.
300 _a232 p.
490 _aAnuario Estatistico da Unidade Central do Sistema de Informacao de Mercado Agricola (Brazil)
_v
_x
500 _aNumerical data
650 _aMERCADO ATACADISTA
650 _aPRODUCAO VEGETAL
650 _aPRODUCAO ANIMAL
650 _aPRODUTO AGRICOLA
650 _aPRECO MEDIO
909 _a202312
_bLúcia Elande
_c55
_dLúcia Elande
942 _2AGRIS
_n0
_cMS
999 _c268829
_d268829